| 000 | 00504nam a2200205Ia 4500 | ||
|---|---|---|---|
| 005 | 20240419103311.0 | ||
| 008 | 131103s9999 xx 000 0 und d | ||
| 020 | _a435241249 | ||
| 040 | _aLoreto College | ||
| 041 | _aEnglish | ||
| 082 |
_a425 _bMIC |
||
| 100 | _aVince, Michael | ||
| 245 |
_aAdvanced language practice _cMichael Vince |
||
| 260 |
_aOxford _bHeinemann _c1994 |
||
| 300 | _aviii,295p. | ||
| 504 | _aIncludes index | ||
| 650 | _aEnglish Grammar | ||
| 850 | _aLCBED | ||
| 942 | _cBK | ||
| 999 |
_c28294 _d78773 |
||